Sports Quiz

Random Sports or Popular Quiz

Popular High School Nicknames Quiz Stats

 Plays Quiz Updated Nov 16, 2017

Score 0/39 Timer 07:00
0 Plays Today
# of Schools Nickname % Correct
881Tigers
90.2%
532Lions
87.4%
225Bears
85.5%
1273Eagles
79.6%
669Wildcats
65.8%
809Panthers
63.8%
210Hawks
62.5%
806Bulldogs
56.1%
432Indians
54.8%
360Falcons
52.7%
485Cougars
48.8%
653Warriors
48.8%
287Cardinals
45.2%
274Spartans
42.8%
365Trojans
42.5%
142Wolves
42.4%
410Knights
40.4%
269Patriots
40.1%
139Jaguars
39.8%
354Vikings
39.6%
# of Schools Nickname % Correct
282Raiders
38.3%
255Pirates
37.3%
297Rams
35.2%
406Mustangs
31.7%
135Titans
29.8%
184Bobcats
28.4%
145Wolverines
27.2%
124Saints
25.8%
253Hornets
25.1%
141Huskies
24.9%
110Braves
23.9%
133Chargers
22.2%
186Rebels
19.7%
169Blue Devils
19.6%
133Dragons
17.1%
234Crusaders
15.6%
109Rockets
15.5%
110Red Devils
14.5%
102Pioneers
11.2%

You're not logged in!

Compare scores with friends on all Sporcle quizzes.
OR
Log In

Sporcle TV

Today on Sporcle TV


Watch our educational content, quiz creation guides, and fun videos on Sporcle TV.

Show Comments

Extras

Top Quizzes Today


Score Distribution

Your Account Isn't Verified!

In order to create a playlist on Sporcle, you need to verify the email address you used during registration. Go to your Sporcle Settings to finish the process.

Report this User

Report this user for behavior that violates our Community Guidelines.

Details: